| 000 | 00900nam a2200229Ia 4500 | ||
|---|---|---|---|
| 003 | GCL | ||
| 008 | 140319s9999 xx 000 0 ara d | ||
| 040 |
_aGCL / _cGCL |
||
| 082 | 0 | 4 |
_a256 _bف ك |
| 100 | 1 | _aالفزارى : ابو اسحاق ابراهيم بن محمد بن الحارث بن اسماء بن خارجة | |
| 245 | 1 | 0 |
_aكتاب السير / _cالفزارى : ابو اسحاق ابراهيم بن محمد بن الحارث بن اسماء بن خارجة |
| 700 | 1 | _aالقرطبى, محمد بن وضاح | |
| 700 | 1 | _aفاروق حماده (دراسة وتحقيق) | |
| 250 | _aالاولى | ||
| 260 |
_aالقاهرة : _bمؤسسة الرسالة ، _c1987 |
||
| 300 |
_a432 ص ؛ _c24 سم |
||
| 650 | 0 | 4 | _aالجهاد فى الاسلام |
| 650 | 0 | 4 | _aالجزية |
| 650 | 0 | 4 | _aالسير (فقه اسلامى) |
| 650 | 0 | 4 | _aالغنائم |
| 942 |
_2ddc _cBK |
||
| 999 |
_c37673 _d37673 |
||